000 00466nam a22001817a 4500
003 CEME
005 20210628203133.0
008 210222b xxu||||| |||| 00| 0 eng d
020 _a0-8493-0593-4
040 _c.
082 _a621 JOS
100 _aJosephs, Harold, Huston, Ronald .L
_963547
245 _aDynamics of mechanical systems
260 _aNEW YORK
_bCRC PRESS
_c2002
300 _a757P
650 _aMECHANICAL ENGINEERING
_921930
942 _cBK
_2ddc
999 _c572333
_d572333